Normale Ansicht MARC-Ansicht ISBD

Prometheus-Bildarchiv ; Das verteilte digitale Archiv für Forschung & Lehre Elektronische Ressource (Titelsatznr. 55812)

[ MARC ]
MARC-Details
000 -Satzkennung
Kontrollfeld mit fester Länge 02123nam a22002411c 4500
001 - Kontrollnummer
Kontrollfeld a987678547
008 - Feld mit fester Länge zur physischen Beschreibung - Allgemeine Angaben
Kontrollfeld mit fester Länge 161209s ger d
041 ## - Sprachcode
Sprachcode des Textes/der Tonspur oder des separaten Titels ger
040 ## - Katalogisierungsquelle
Übertragungsstelle RU-10907106
003 - Kontrollnummer Identifier
Kontrollfeld RU-10907106
245 00 - Titel
Titel Prometheus-Bildarchiv ; Das verteilte digitale Archiv für Forschung & Lehre Elektronische Ressource
264 ## - Produktion, Veröffentlichung, Distribution, Herstellung und Urheberrechtsvermerk
Produzent, Herausgeber, Distributor, Hersteller Brepols,
Datum der Herstellung, der Veröffentlichung, des Vertriebs oder des Urheberschutzvermerks [2016]
300 ## - Physische Beschreibung
Umfang Online-Ressource
338 ## - Datenträgertyp
Datenträgertypbezeichnung Online-Ressource
Datenträgertypcode cr
Quelle rdacarrier
500 ## - Allgemeine Fußnote
Allgemeine Fußnote prometheus ist ein digitales Bildarchiv für Kunst- und Kulturwissenschaften mit derzeit mehr als 2,1 Mio. digitalen Reproduktionen aus über 100 Datenbanken von Museen, wissenschaftlichen Institutionen und Forschungsprojekten.; Forschungs- und Museumsdatenbanken mit ausführlichen Objektinformationen sind genauso enthalten wie Institutsdatenbanken mit Bildmaterial für die Lehre.; Darüber hinaus ist prometheus ein Portal für verschiedene Lernelemente, die die Präsenzlehre ergänzen und das Selbststudium fördern.; Das Bildmaterial kommt aus den Bereichen Kunst- und Kulturgeschichte, Archäologie und weiteren bildbasierten Wissenschaften. Mit prometheus können diese Bilder über eine Suchmaske recherchiert, in Bildsammlungen sortiert und zu Präsentationen für Vorträge zusammengestellt werden.; Datenbanken mit gemeinfreiem Bildmaterial werden in einem Open Access-Bereich angeboten.; Auf der Datenbank-Startseite erhalten Sie über den Link Tools und Lernen Zugang zu verschiedenen Hilfsmitteln, u.a. Lernmodule, Programme, Leitfäden etc.; Das ehemals vom Bundesministerium für Bildung und Forschung (BMBF) mit öffentlichen Geldern geförderte Projekt erwirtschaftet keine Gewinne und wird getragen von einem gemeinnützigen Verein zum Zweck der Förderung von Wissenschaft und Forschung durch die Entwicklung, Bereitstellung und Anwendung der digitalen Medien im kunst- und kulturhistorischen Bereich.
500 ## - Allgemeine Fußnote
Allgemeine Fußnote Online-Ressource zugänglich nur im DHI-Lesesaal
650 #0 - Nebeneintragung unter einem Schlagwort - Sachschlagwort
Sachschlagwort oder geografischer Name als Eintragungselement Kunstgeschichte
650 #0 - Nebeneintragung unter einem Schlagwort - Sachschlagwort
Sachschlagwort oder geografischer Name als Eintragungselement Kulturgeschichte
655 #0 - Indexierungsterm - Genre/Form
Genre/Form oder fokussierter Term
655 #0 - Indexierungsterm - Genre/Form
Genre/Form oder fokussierter Term Elektronische Datenbank
856 4# - Elektronische Adresse und Zugriff
URL <a href="www.prometheus-bildarchiv.de">www.prometheus-bildarchiv.de</a>
942 ## - Zusätzliche Felder (Koha)
Koha-Medientyp Elektronische Datenbanken
Exemplare
Ausgeschieden Verloren Beschädigt Nicht entleihbar Heimatbibliothek Aufenthaltsbibliothek Aufstellungsort Erwerbungsdatum Inventarnummer Signatur Barcode Letzte Aktivität Preis gültig von Koha-Medientyp
        MWN Osteuropa MWN Osteuropa Online-Ressource 09/12/2016 16-e00218 E-16-e00218 | EDB 55826 18/03/2021 22/03/2021 Elektronische Datenbanken